000 00630nam a22001937a 4500
005 20251108172637.0
008 250721s1993 xx 000 0 ara d
082 1 4 _a320,5/فوك
100 1 _aفوكو ياما، فرانيس
_eمؤلف
245 1 0 _aنهايه التاريخ و خاتم البشر . /
264 1 _aالقاهرة :
_bمركز الأهرام للترجمة،
_c1993.
300 _a379 ص.
650 1 7 _aالتاريخ السياسي
650 1 7 _aالمذاهب السياسية
650 1 7 _aتاريخ العالم
700 1 _aأمين، حسين
_eمترجم
942 _2ddc
_cBK
999 _c84844
_d84844